000
00355nam a2200169Ia 4500
003
0STCL
008
150530s9999 xx 000 0 und d
040
_a
STCL
_c
STCL
100
_a
Bell
245
_a
Art
250
_a
First
260
_b
Chatto and Windus
_c
1947
546
_a
English
942
_2
ddc
_c
BK
999
_c
60934
_d
60934
005
20220125171143.0